| 000 | 00801cam a2200205 a 4500 | ||
|---|---|---|---|
| 020 | _a0471306827 (cloth : alk. paper) | ||
| 082 | 0 | 0 |
_a690.2 _bCAV _cL-N, P-24 |
| 245 | 0 | 0 |
_aArchitectural acoustics : _bprinciples and practice / _cedited by William J. Cavanaugh and Joseph A. Wilkes. |
| 260 |
_aNew York : _bWiley, _cc1999. |
||
| 300 |
_axix, 332 p. : _bill. ; _c29 cm. |
||
| 526 |
_a0 _b0 _c0 _d690_200000000000000_CAV |
||
| 650 | 0 |
_aArchitectural acoustics. _925538 |
|
| 650 | 0 |
_aMCE _9379 |
|
| 700 | 1 |
_aCavanaugh, William J. _945271 |
|
| 700 | 1 |
_aWilkes, Joseph A. _945272 |
|
| 856 | 4 | _uhttp://www.loc.gov/catdir/toc/onix03/98006418.html | |
| 856 | 4 | 2 | _uhttp://www.loc.gov/catdir/bios/wiley041/98006418.html |
| 856 | 4 | 2 | _uhttp://www.loc.gov/catdir/description/wiley032/98006418.html |
| 942 |
_2ddc _cBK |
||
| 999 |
_c548835 _d548835 |
||